Clasificaciones de los equipos nacionales en la Eurocopa de 2024 - Estadísticas

Estadísticas generales
  • Esta prueba ha sido intentada 77 veces
  • La puntuación promedio es 16 de 24
Estadísticas de respuestas
Hint Respuesta % Correcto
Escocia Fase de grupos
92%
España Ganador
86%
República Checa Fase de grupos
83%
Inglaterra Segundo puesto
81%
Alemania Cuartos de final
75%
Francia Semifinal
75%
Portugal Cuartos de final
73%
Albania Fase de grupos
72%
Serbia Fase de grupos
72%
Ucrania Fase de grupos
70%
Hungría Fase de grupos
70%
Italia Octavos de final
69%
Polonia Fase de grupos
67%
Suiza Cuartos de final
64%
Croacia Fase de grupos
64%
Georgia Octavos de final
63%
Países Bajos Semifinal
61%
Rumanía Octavos de final
58%
Eslovenia Octavos de final
58%
Bélgica Octavos de final
58%
Dinamarca Octavos de final
56%
Turquía Cuartos de final
55%
Eslovaquia Octavos de final
53%
Austria Octavos de final
50%
No se encontraron pruebas coincidentes
Distribución de puntuación
Porcentaje de gente con cada puntuación
Porcentaje por número respondido
Historial de tus puntuaciones
No has intentado esta prueba.